[Event "Naestved Nimzowitsch Memorial"]
[Site "Naestved"]
[Date "1985.09.27"]
[Round "11"]
[White "Chandler, Murray G"]
[Black "Vaganian, Rafael A"]
[Result "0-1"]
[WhiteElo "2525"]
[BlackElo "2625"]
[Annotator "ChessBase"]
[PlyCount "124"]
[EventDate "1985.09.14"]
[EventType "tourn"]
[EventRounds "11"]
[EventCountry "DEN"]
[EventCategory "13"]
[SourceTitle "MCL"]
[Source "ChessBase"]
[SourceDate "1999.07.01"]
[SourceVersion "1"]
[SourceVersionDate "1999.07.01"]
[SourceQuality "1"]

1. e4 e6 2. d4 d5 3. Nc3 Bb4 4. e5 c5 5. a3 Ba5 6. b4 cxd4 7. Qg4 Ne7 8. bxa5
dxc3 9. Qxg7 Rg8 10. Qxh7 Nbc6 (10... Bd7) (10... Qc7 $5 11. Nf3 Bd7 12. Bf4 (
12. Bh6 $5 Nbc6 $6 (12... Ba4 $5) (12... Bc6 $5) 13. Bg7) 12... Nbc6) 11. Nf3
Qc7 12. Bb5 Bd7 13. O-O Nxe5 $5 14. Nxe5 Qxe5 15. Bxd7+ Kxd7 16. Qd3 $1 $16 (
16. Rb1 $2 Rh8 $19) 16... d4 $5 17. Rb1 $5 (17. Rd1 $5 Qd5 $2 (17... Nf5 18.
Rb1 (18. Qf3 Qd5 19. Qxd5+ exd5 $10) 18... Qd5 19. f3 Nh4 (19... Rac8 20. Qe4
$16) 20. Rb5 Rxg2+ 21. Kf1 Qd6 22. Be3 (22. Qxd4 $2 Rg1+ 23. Kxg1 Nxf3+) 22...
e5 23. Qe4 $18) (17... Nc6 18. Qf3 Qd5 19. Qxd5+ exd5 20. Rb1) 18. Qxd4 Rxg2+
19. Kf1 Rxh2 $2 20. Qa4+ $18) 17... Qd5 $14 18. f3 Rac8 19. Bf4 (19. Qe4 f5 (
19... Kc6 20. Rb4 $16) 20. Rxb7+ Rc7 21. Rxc7+ Kxc7 22. Qxd5 Nxd5 23. Rd1 e5
24. f4 Kd6) 19... e5 (19... Nf5 $5) 20. Bg3 f6 $10 21. Rb4 $1 Rc7 22. f4 $1 a6
$1 (22... Kc8 23. fxe5 fxe5 24. a6 b6 25. Rb5 e4 26. Rxd5 exd3 27. Rxd4 Rd7 28.
Rc4+ Kd8 29. Rxc3 $18) 23. fxe5 fxe5 24. Re1 $14 (24. Rf6 $6 Kc8 25. Rc4 Nc6
$15) 24... Nc6 25. Rc4 Kd8 (25... Kc8 26. Rxc3 Kb8 27. Qf5 $16) (25... Rg5 26.
Rxc3 $2 (26. Re4 $5) 26... e4 $1) 26. Rxc3 Re7 (26... Nb4 $2 27. Rxe5 $18) (
26... Rxg3 $5 27. hxg3 Qxa5 (27... Nb4 28. axb4 Rxc3 29. Qg6 e4 30. Rf1 $16)
28. Rd1 e4 29. Qc4 Rd7 $14) 27. Re4 (27. Qc4 Qxc4 28. Rxc4 Kd7 $15) 27... Kd7
28. Rc4 Qxa5 (28... Nxa5 $2 29. Rcxd4 $18) 29. Qb3 Qb5 $1 30. Qxb5 (30. Rcxd4+
$2 exd4 $1 $19) 30... axb5 31. Rc5 Kd6 32. Rxb5 Ra8 $44 33. Rb3 Kd5 34. Re1 Ra5
(34... e4 $5) 35. Bh4 Rg7 36. Rd1 $1 Rc5 37. Rb2 $2 (37. c3 $1 d3 38. c4+ $1
Rxc4 39. Rbxd3+ Rd4 $10) 37... e4 38. Bf6 Rd7 (38... Rf7 39. Bxd4 $1 Nxd4 40.
Rb4 Rc4 41. c3 e3 42. Rxd4+ Rxd4 43. Rxd4+ Ke5 44. Rd3 Ke4 45. Rd4+ $10) 39. g4
e3 40. Kg2 Ke4 $17 41. Re1 Ne5 (41... Rf7 42. g5 Ne5 43. h4 $1 Nf3 44. Rh1 e2
45. Kf2) 42. Bxe5 Kxe5 43. Kg3 Rdc7 44. Re2 Ke4 45. h4 Rf7 46. Rb4 $1 Rc8 47.
h5 Rf3+ 48. Kg2 $1 Rf4 49. Kg3 Rf3+ (49... Rg8 $2 50. Rxd4+ $1 $18) 50. Kg2
Rcf8 51. Rxb7 R3f7 $1 (51... Rf2+ 52. Rxf2 Rxf2+ 53. Kg3 $13) 52. Rxf7 (52. Rb6
$5) 52... Rxf7 53. a4 (53. Kg3 Rf3+ 54. Kg2 Kf4 $19) 53... Kf4 (53... Rf4 54.
Kg3 Rf3+ 55. Kg2 Kf4 56. a5 Kxg4 57. a6 Rf6 58. c3 $10) 54. a5 Rg7 $1 55. Kf1 (
55. Kh3 Kf3 56. Rg2 e2 57. Rxe2 Kxe2 58. Kh4 Kf3 59. g5 Kf4 60. h6 Re7 $1 61.
Kh5 Kf5 $19) 55... Kf3 $1 56. a6 $2 (56. h6 $5 Rc7 $1 (56... Rxg4 $2 57. Rh2
$10) (56... Rb7 $2 57. Re1 $10) 57. g5 (57. Rh2 d3 58. Rh3+ Kxg4 59. h7 dxc2
60. Rh4+ Kg5 61. Rh5+ Kg6 62. Rh6+ Kf7 $19) 57... d3 58. Rxe3+ Kxe3 59. cxd3
Rc5 $3 (59... Rc1+ $2 60. Kg2 Rc5 61. Kg3 $1 Rxg5+ 62. Kh4 Kf4 63. h7 Rg1 64.
Kh5 Kf5 65. Kh6 $10) 60. g6 (60. h7 Rf5+ $1 $19) 60... Rf5+ 61. Ke1 Rh5 62. h7
Rh1#) 56... Ra7 57. Re1 Rxa6 58. Rb1 Ra2 59. Rc1 e2+ 60. Ke1 Ke3 61. h6 Ra7 62.
Rb1 d3 $1 (62... d3 63. cxd3 Rf7) 0-1

[Event "Interzonal-13c"]
[Site "Biel"]
[Date "1985.07.08"]
[Round "6"]
[White "Ljubojevic, Ljubomir"]
[Black "Vaganian, Rafael A"]
[Result "1/2-1/2"]
[WhiteElo "2615"]
[BlackElo "2625"]
[Annotator "ChessBase"]
[PlyCount "51"]
[EventDate "1985.07.02"]
[EventType "tourn"]
[EventRounds "17"]
[EventCountry "SUI"]
[EventCategory "12"]
[SourceTitle "IZT"]
[Source "ChessBase"]
[SourceDate "1999.07.01"]
[SourceVersion "1"]
[SourceVersionDate "1999.07.01"]
[SourceQuality "1"]

1. e4 e6 2. d4 d5 3. Nc3 Bb4 4. e5 c5 5. a3 Ba5 6. b4 cxd4 7. Nb5 Bc7 8. f4 Ne7
9. Nf3 Bd7 10. Nbxd4 Nbc6 11. Bd3 Nxd4 12. Nxd4 Bb6 13. Be3 Qc7 14. Qd2 Rc8 15.
a4 a5 (15... a6 $2 16. a5) 16. Nb5 Bxb5 17. Bxb6 Qxb6 18. bxa5 Qc5 19. axb5 O-O
20. Ra4 Nf5 $44 21. Qb4 Qe3+ 22. Kd1 Qf2 23. Qd2 Qc5 24. Re1 d4 25. Re4 h5 26.
Ke1 1/2-1/2

[Event "URS-ch53"]
[Site "Kiev"]
[Date "1986.??.??"]
[Round "?"]
[White "Yudasin, Leonid"]
[Black "Lputian, Smbat G"]
[Result "1-0"]
[WhiteElo "2485"]
[BlackElo "2545"]
[Annotator "ChessBase"]
[PlyCount "71"]
[EventDate "1986.04.??"]
[EventType "tourn"]
[EventRounds "17"]
[EventCountry "URS"]
[EventCategory "10"]
[SourceTitle "URS-ch"]
[Source "ChessBase"]
[SourceDate "1999.07.01"]
[SourceVersion "1"]
[SourceVersionDate "1999.07.01"]
[SourceQuality "1"]

1. e4 e6 2. d4 d5 3. Nc3 Bb4 4. e5 c5 5. a3 Ba5 6. b4 cxd4 7. Qg4 Ne7 8. Nb5
Bc7 9. Qxg7 Rg8 10. Qxh7 a6 11. Nxc7+ Qxc7 12. Bb2 Qxe5+ 13. Ne2 Qf6 (13...
Nbc6) 14. f4 (14. O-O-O e5 15. f4 Bf5 (15... Rh8 16. Qd3 Qh6 17. Qd2 f6 18. g3
Nbc6 19. Bg2 Be6 20. Rde1 O-O-O 21. fxe5 (21. h3) 21... Qxd2+ 22. Kxd2 fxe5 23.
Nxd4 Nxd4 24. Bxd4 exd4 25. Rxe6 $16 {(Magar)}) (15... Nbc6 $1 16. fxe5 $1) 16.
Qh5 (16. fxe5 $4 Qg5+ $19) 16... Qc6 17. Rd2 d3 18. Ng3 $14) (14. Qd3 $5 Nbc6
15. Nxd4 Nf5 16. c3 (16. O-O-O Nfxd4 17. Bxd4 e5 18. Bb2 d4 19. f3 Bf5 $40 {
(Yudasin)}) 16... e5 $5 17. Nxf5 Bxf5 18. Qxd5 Rd8 $44 {(Yudasin)}) 14... Nbc6
15. Qd3 (15. O-O-O e5 $1) 15... Nf5 16. O-O-O Qh6 (16... e5 17. fxe5 Nxe5 18.
Qb3 Ne3 19. Rxd4 Nxf1 20. Rf4 $16) 17. Re1 Bd7 (17... Ne3 18. Bxd4) (17... e5
18. Kb1 e4 19. Nxd4 $1) (17... Ne5 $5 18. Qb3 (18. Qh3 Qxh3 19. gxh3 Nf3 20.
Rd1 Ne3 21. Rd3 e5 22. fxe5 Bf5 (22... Nxe5 $2 23. Rxe3) 23. Nxd4 $1 {(Yudasin)
}) 18... Ng4 (18... Nc4 19. Ng3 Nxg3 20. hxg3 Qxh1 21. Bxd4 $40 {(Yudasin)})
19. Kb1 Nf2 20. Rg1 Qxh2 21. Nxd4 $1 Qxg1 $4 22. Bb5+ {(Yudasin)}) 18. Kb1 (18.
Qd2 Ne3 (18... Rc8) 19. Nxd4 Nxf1 20. Rexf1 Nxd4 $132) 18... Rc8 19. g3 (19. g4
$5) (19. h3) 19... Kf8 (19... Nce7 20. Bxd4 b5 21. Qd2 Nxg3 22. Nxg3 Rxg3 23.
hxg3 Qxh1 24. Bxb5) (19... Ne3 20. Rc1) 20. h4 Nce7 21. Nxd4 Nxg3 (21... Rxg3
22. Nxf5 Nxf5 23. Qd2) 22. Rh2 Qxf4 (22... Nxf1 23. Rxf1) (22... Ne4 23. f5 e5
24. Nf3 $40) (22... Nef5 $5 23. Nb3 $5 {(Yudasin)}) 23. Bc1 Qd6 24. Qh7 e5 (
24... Ne4 25. Rg2 $1) 25. Rg2 Be6 (25... Qg6 $1 26. Bh6+ Ke8 27. Qxg6 Rxg6 28.
Rxe5 f6 29. Re1 Rxh6 (29... Ne4) 30. Rxg3 Kf8 $1 (30... Kf7 $6 31. Rg7+ $1) 31.
Ne6+) (25... exd4 $2 26. Bh6+ Ke8 27. Qxg8#) 26. Nxe6+ Qxe6 27. Bf4 exf4 (27...
Nxf1 28. Bh6+ Ke8 29. Rxg8+ Nxg8 30. Qxg8+ Kd7 31. Qg5) 28. Rxe6 fxe6 29. Qh6+
Kf7 30. Qxf4+ Ngf5 31. h5 Rc4 32. Bxc4 Rxg2 33. Bd3 Rg1+ 34. Kb2 Kf6 35. Qb8
Rh1 36. Qxb7 1-0

[Event "London"]
[Site "London"]
[Date "1986.??.??"]
[Round "1"]
[White "Chandler, Murray G"]
[Black "Vaganian, Rafael A"]
[Result "1-0"]
[WhiteElo "2535"]
[BlackElo "2645"]
[Annotator "ChessBase"]
[PlyCount "73"]
[EventDate "1986.03.??"]
[EventType "tourn"]
[EventRounds "13"]
[EventCountry "ENG"]
[EventCategory "13"]
[SourceTitle "MCL"]
[Source "ChessBase"]
[SourceDate "1999.07.01"]
[SourceVersion "1"]
[SourceVersionDate "1999.07.01"]
[SourceQuality "1"]

1. e4 e6 2. d4 d5 3. Nc3 Bb4 4. e5 c5 5. a3 Ba5 6. b4 cxd4 7. Nb5 Bc7 8. f4 Bd7
9. Nf3 (9. Qg4 g6 10. Nf3 Nh6 11. Qg5 Nf5 12. Qxd8+ Bxd8 13. g4 Ne3 14. Nd6+
Ke7 15. Bd3 Nxg4 16. Nxb7 Bc7 17. a4 {Benjamin-Djurhuus Thessaloniki 1988})
9... Bxb5 $6 10. Bxb5+ Nc6 11. O-O Nge7 12. Bd3 a6 13. Kh1 h6 14. Qe2 $1 Qd7
15. Bb2 Bb6 16. Rae1 Rc8 $6 (16... g6) (16... O-O $6 17. g4) (16... O-O-O $5) (
16... Nf5 17. Bxf5 exf5 18. Qd3 O-O $10) 17. g4 $1 $40 g6 18. Nh4 h5 $6 19. f5
$1 hxg4 20. fxg6 Rxh4 21. gxf7+ Kf8 22. Bc1 $1 Nf5 23. Bxf5 d3 $5 (23... exf5
24. e6 Qd6 25. Bf4 Qe7 26. Qd2) 24. Bxd3 g3 25. Qg2 $1 Rxh2+ 26. Qxh2 gxh2 27.
Bh6+ Ke7 28. Bg5+ Kf8 29. Bh6+ Ke7 30. Bg6 $1 $18 Bc7 (30... Rf8 31. Bg5#) (
30... d4 31. f8=Q+ Rxf8 32. Bxf8+ Kd8 33. Bd6 Kc8 34. Rf7 $18) 31. Bg5+ Kf8 32.
Bh6+ Ke7 33. f8=Q+ Rxf8 34. Bxf8+ (34. Bg5+ Rf6 35. exf6+ Kd6 36. f7 $18) 34...
Kd8 35. Rf7 Qe8 36. Bg7 Nxe5 37. Bf6+ (37. Bf6+ Kc8 38. Rxc7+ $1) 1-0

[Event "Interzonal-15"]
[Site "Manila"]
[Date "1990.??.??"]
[Round "7"]
[White "Dolmatov, Sergey"]
[Black "Lputian, Smbat G"]
[Result "1-0"]
[WhiteElo "2615"]
[BlackElo "2575"]
[Annotator "Dolmatov,S"]
[PlyCount "109"]
[EventDate "1990.06.29"]
[EventType "swiss"]
[EventRounds "13"]
[EventCountry "PHI"]
[SourceTitle "CBM 019"]
[Source "ChessBase"]
[SourceDate "1990.12.01"]
[SourceVersion "1"]
[SourceVersionDate "1990.12.01"]
[SourceQuality "1"]

1. e4 e6 2. d4 d5 3. Nc3 Bb4 4. e5 c5 5. a3 Ba5 6. b4 cxd4 7. Qg4 Ne7 8. bxa5
dxc3 9. Qxg7 Rg8 10. Qxh7 Nbc6 11. Nf3 Qc7 $5 12. Bf4 Bd7 13. Bd3 O-O-O (13...
Rxg2 14. Bg3) 14. Bg3 Qxa5 (14... Ng6 $5) 15. O-O Qc5 16. Rfe1 Rh8 (16... Ng6
$5) (16... Nd4 17. Nxd4 Qxd4 18. Qxf7 Nf5 19. Bxf5 Rdf8 20. Qe7 Rxf5 21. Qb4
$16) 17. Qxf7 Rdf8 18. Qg7 Nf5 19. Bxf5 Rhg8 20. Qh6 Rxf5 21. Qe3 $1 b6 $1 (
21... d4 22. Qe4 $16) 22. Red1 $5 (22. Rab1 Qxa3 23. Rb3 Qc5 24. Rxc3 Qxe3 25.
Rexe3 Kb7 $10) (22. Qxc5 bxc5 23. Rab1 a6 $5 (23... Kc7 24. Rb5 c4 25. Reb1 Bc8
26. Rc5) (23... Rg4 $5) 24. Rb6 Kc7 25. Rxa6 (25. Reb1 Nb4) 25... Rb8 26. h4
Rb3 $44) 22... Rg4 23. Rd3 Rc4 (23... d4 24. Qe2 Qd5 25. Re1 Na5 26. h3) 24. h4
Qb5 (24... Be8 $5) 25. Nd4 $1 Qb2 26. Re1 Nxd4 27. Rxd4 Rxd4 28. Qxd4 Qxc2 29.
Kh2 Qd2 30. Qxd2 cxd2 31. Rd1 Kb7 (31... Bb5 32. Rxd2 Bc4 33. Kh3) (31... Be8
$142 32. Rxd2 Rf7 $1 33. Rc2+ (33. h5 $2 Rh7) (33. Kh3 Rc7 34. Kg4 Rc4+) 33...
Kb7 (33... Rc7 34. Rxc7+ Kxc7 35. Bf4 Kc6 36. g4 d4 37. h5 Kd5 38. f3 Kc4 39.
Kh3 Kc3 40. Kh4 d3 41. g5 d2 42. Bxd2+ Kxd2 43. g6 $18) 34. Kh3 Rg7 35. f3 Bg6
$14) 32. Rxd2 Kc6 33. f3 Kb5 34. Rd4 $1 Be8 35. Kh3 a5 36. Bh2 Kc6 37. f4 Bg6
38. g4 Rf8 39. Bg1 (39. h5 $1 Be4 40. g5 b5 (40... Kc5 41. Bg1) 41. g6 $18)
39... b5 40. h5 Be4 41. Be3 Ra8 42. Kh4 b4 43. axb4 a4 44. Rd2 a3 45. Bd4 Bb1
46. f5 $18 exf5 47. g5 f4 48. g6 f3 49. Kg5 a2 50. h6 Bxg6 51. Kxg6 a1=Q 52.
Bxa1 Rxa1 53. Rf2 Rg1+ 54. Kf7 Rg5 55. h7 1-0

[Event "Biel"]
[Site "Biel"]
[Date "1986.07.23"]
[Round "4"]
[White "Rogers, Ian"]
[Black "Kortschnoj, Viktor Lvovich"]
[Result "1-0"]
[WhiteElo "2515"]
[BlackElo "2650"]
[Annotator "Dolmatov,S"]
[PlyCount "169"]
[EventDate "1986.07.20"]
[EventType "tourn"]
[EventRounds "11"]
[EventCountry "SUI"]
[EventCategory "12"]
[SourceTitle "MCL"]
[Source "ChessBase"]
[SourceDate "1999.07.01"]
[SourceVersion "1"]
[SourceVersionDate "1999.07.01"]
[SourceQuality "1"]

1. e4 e6 2. d4 d5 3. Nc3 Bb4 4. e5 c5 5. a3 Ba5 6. Bd2 Nc6 7. Nb5 Nxd4 8. Nxd4
cxd4 9. Bb5+ (9. Nf3 Ne7 10. Nxd4 Nc6 $132) 9... Bd7 10. Bxd7+ Kxd7 11. Nf3
Bxd2+ 12. Qxd2 Qb6 13. O-O (13. O-O-O Ne7 14. Nxd4 Nc6 $10) 13... Ne7 14. Nxd4
Rhc8 (14... Nc6 $2 15. Nxc6 bxc6 16. c4 $16) 15. c3 h6 16. Kh1 $6 (16. Rad1 Nc6
17. Qe2 Ke7 18. Rd3 $10) 16... Nc6 17. Nxc6 Qxc6 18. Rae1 Qc4 19. Kg1 a5 20.
Re3 $10 Ke7 21. Rf3 $2 (21. Qc2 $5 d4 $6 22. Rg3 g6 23. Qe4 $40) 21... Kf8 22.
Rf4 Qb3 23. Qe2 Ra6 24. Rd1 $15 Rac6 25. Rfd4 Qa2 26. R1d2 Rc4 27. Rxc4 Rxc4
28. f3 Kg8 (28... b5 29. Qd1 Rc7 $15) 29. Qd1 Rc6 30. h3 Qc4 (30... b5) 31. Qe2
Qb3 (31... Qxe2 $32 32. Rxe2 g5 33. Kf2 Kg7 $15) 32. Qe3 b6 33. Kh2 Rc4 34. Qf2
Qb5 35. Kg1 Kf8 36. Kh1 Ke8 37. Qg3 g5 38. Qf2 Kd7 39. Qe3 Kc6 40. Qd3 Rf4 41.
Qb1 (41. Qxb5+ Kxb5 $17) 41... Qc5 (41... h5 $17 {/\g4}) 42. Qd1 {/\b4} Kb7 43.
Re2 h5 44. Rd2 Qc7 (44... g4 $5 45. fxg4 hxg4 46. Rd4 Rf5) 45. Qe1 Rf5 46. Re2
Qc4 47. Kg1 Kc6 (47... g4 48. fxg4 hxg4 49. Rf2 (49. h4 $2 g3 50. Re3 Qxh4 $17)
49... Qc5 50. b4 $10) 48. Rd2 Qf4 49. Re2 h4 50. Re3 Qc4 51. Qd2 Kb7 52. Qe1
Qc7 53. Kh1 Qc4 54. Kg1 Kc7 55. Qd2 Kd7 56. Qe1 Ke7 57. Qd2 Kf8 58. Qe1 Qf4 59.
Qd2 $2 Kg8 $2 (59... Rxe5 $19) 60. Qe1 Kg7 61. Qd2 $2 b5 $2 (61... Rxe5 $19)
62. Qe1 Qc4 63. Qd2 Kg6 64. Kf2 Rf4 65. Rd3 Qe4 66. Rd4 $2 (66. Re3 $32 Qf5 67.
Kg1 Rc4 $15) 66... Qxe5 (66... Qf5 67. Qe2 $10) 67. Rxf4 gxf4 68. Qd3+ Kf6 69.
Qxb5 d4 $17 70. Qb6 (70. Qxe5+ $2 Kxe5 71. c4 a4 $19) 70... Qe3+ (70... dxc3
71. Qd8+ Kf5 72. bxc3 Qxc3 $17) 71. Kf1 d3 72. Qd8+ Kf5 73. Qxh4 Qc1+ (73... d2
$1 74. Qh5+ Kf6 75. Qh4+ Ke5 76. Qg5+ f5 77. Qg7+ Kd5 78. Qd7+ Kc4 79. Qa4+ Kd3
80. Qd1 Qb6 $17) 74. Kf2 Qxb2+ 75. Kg1 Qb6+ 76. Kh2 Qe3 77. Qh5+ Kf6 78. h4 Ke7
79. Qxa5 d2 80. Qc7+ Kf6 81. Qd8+ Ke5 82. Qa5+ Kd6 83. c4 Qd4 $2 (83... Ke7 84.
Qc7+ Kf6 85. Qd8+ Ke5 $17) 84. Qd8+ Kc5 $4 (84... Ke5 85. Qg5+ Kd6 $10) 85.
Qc7# 1-0

[Event "Novgorod"]
[Site "Novgorod"]
[Date "1995.06.04"]
[Round "8"]
[White "Timman, Jan H"]
[Black "Jussupow, Artur"]
[Result "1/2-1/2"]
[WhiteElo "2635"]
[BlackElo "2660"]
[Annotator "Dolmatov,S"]
[PlyCount "69"]
[EventDate "1995.05.??"]
[EventType "tourn"]
[EventRounds "9"]
[EventCountry "RUS"]
[EventCategory "17"]
[SourceTitle "CBM 048"]
[Source "ChessBase"]
[SourceDate "1995.10.01"]
[SourceVersion "1"]
[SourceVersionDate "1995.10.01"]
[SourceQuality "1"]

1. e4 e6 2. d4 d5 3. Nc3 Bb4 4. e5 Ne7 5. a3 Bxc3+ 6. bxc3 c5 7. Qg4 O-O 8. Bd3
f5 (8... Nbc6 9. Qh5 Ng6 10. Nf3 Qc7 11. Be3 c4 12. Bxg6 fxg6 $14) 9. exf6 Rxf6
10. Bg5 Rf7 11. Qh5 g6 12. Qd1 Nbc6 (12... Qa5 13. Bd2 Nbc6 14. Nf3 c4 15. Be2
Bd7 (15... Nf5 16. O-O Nd6 17. Qe1 Ne4 $14 {Ruban,V-Uhlmann,W/Budapest/1989/
Inf 47/371}) 16. O-O Raf8 $14 {Sax,G-Ehlvest,J/Reykjavik/1988/}) 13. Nf3 Qf8 (
13... Bd7 14. h4 Qc7 15. h5 e5 16. hxg6 $13 {Atlas,V-Schlenker,J/LIE/1991/})
14. O-O $6 (14. Qd2 $5 Rxf3 $8 15. gxf3 Qxf3 16. Rg1 $14) 14... c4 15. Be2 h6
16. Bh4 Nf5 17. Bg3 g5 18. Qd2 Bd7 19. h4 (19. Ne5 $6 Nxg3 20. hxg3 Nxe5 21.
dxe5 Qg7 22. Qd4 Rf5 23. f4 g4 $10) 19... Qe7 (19... g4 20. Ne5 Nxg3 21. fxg3
Nxe5 22. dxe5 $40) 20. hxg5 Nxg3 21. fxg3 hxg5 22. Qe3 (22. Nxg5 Rg7 (22...
Rxf1+ $2 23. Rxf1 $14) 23. Nf3 Rxg3 24. Qf4 Qg7 $132) 22... Raf8 23. Nxg5 Rxf1+
(23... Rg7 $2 24. Rxf8+ Kxf8 25. Nh3 $16) 24. Bxf1 (24. Rxf1 Rxf1+ 25. Kxf1
Qxa3 26. Nxe6 $6 Qe7 27. Qg5+ (27. Bg4 Nd8) 27... Qxg5 28. Nxg5 Bf5 $15) 24...
e5 25. dxe5 (25. Re1 e4 $44) 25... Qxe5 26. Qxe5 Nxe5 $44 27. Be2 (27. Rd1 Ng4
28. Be2 (28. Rxd5 $2 Rxf1+ 29. Kxf1 Ne3+ $19) 28... Ne3 $44) 27... Bg4 28. Re1
Bxe2 29. Rxe2 Ng4 $10 30. Re7 Rf5 31. Nf3 Rf7 32. Re8+ Rf8 33. Re7 Rf7 34. Re8+
Rf8 35. Re7 1/2-1/2

[Event "RUS-chT 03rd"]
[Site "Kazan"]
[Date "1995.??.??"]
[Round "1"]
[White "Dolmatov, Sergey"]
[Black "Ivanov, Sergey"]
[Result "1/2-1/2"]
[WhiteElo "2615"]
[BlackElo "2545"]
[Annotator "Dolmatov,S"]
[PlyCount "50"]
[EventDate "1995.??.??"]
[EventType "team-tourn"]
[EventRounds "9"]
[EventCountry "RUS"]
[SourceTitle "CBM 051"]
[Source "ChessBase"]
[SourceDate "1996.04.01"]
[SourceVersion "1"]
[SourceVersionDate "1996.04.01"]
[SourceQuality "1"]
[WhiteTeam "Azov Ladya"]
[BlackTeam "Sankt Petersburg FINEK"]
[WhiteTeamCountry "RUS"]
[BlackTeamCountry "RUS"]

1. e4 e6 2. d4 d5 3. Nc3 Bb4 4. e5 c5 5. a3 Ba5 6. b4 cxd4 7. Qg4 Ne7 8. bxa5
dxc3 9. Qxg7 Rg8 10. Qxh7 Nbc6 11. Nf3 Qc7 12. Bf4 Bd7 13. a6 $2 (13. Bd3 O-O-O
14. Bg3 Qxa5 15. O-O Qc5 16. Rfe1 $14 {Dolmatov,S-Lputian,S/Manila/1990/1:0/55/
}) 13... O-O-O $1 {N/} (13... b6 14. Bg3 O-O-O 15. Bd3 Ng6 16. Bxg6 fxg6 $13 {
Psakhis,L-Eingorn,V/URS/1987/0,5/50/}) 14. Bd3 (14. Bg3 Nf5 $40) 14... f5 $1
$40 15. exf6 $8 Qxf4 16. fxe7 Rde8 17. Bg6 Ne5 $6 (17... Rh8 $5 18. Qg7 Qg4 $1
19. axb7+ (19. Qf6 $2 Rh6 $19) 19... Kxb7 (19... Kb8 $2 20. Ne5) 20. h3 $8 Qxg2
21. Ke2 Rhg8 22. Rag1 Rxg7 (22... Qxg1 23. Rxg1 Rxg7 24. Bxe8 $132) 23. Rxg2
Reg8 24. Rhg1 Nxe7 25. Ne5 $15) 18. Bxe8 Rxg2 $1 (18... Nxf3+ 19. gxf3 Qd2+ 20.
Kf1 Rxe8 21. axb7+ Kb8 22. Rg1 $18) 19. Bxd7+ Kc7 (19... Kxd7 $2 20. e8=Q+ Kxe8
21. Qh8+ Ke7 22. Qxe5 $18) 20. e8=N+ $3 (20. Bb5 $2 Nxf3+ 21. Kf1 Rxf2+ $1 (
21... Nd2+ $2 22. Ke1 Qxf2+ 23. Kd1) 22. Kxf2 Nh4+ 23. Ke1 Qd2+ 24. Kf1 Qg2+
25. Ke1 Nf3+ $19) (20. Kd1 $2 Rxf2 $1 $19) (20. Kf1 $2 Qxf3 21. Qh4 Ng4 $19)
20... Kb8 21. Kf1 Rxf2+ $8 (21... Qxf3 $2 22. Qh4) 22. Kxf2 Qxf3+ 23. Kg1 Qe3+
24. Kf1 (24. Kg2 $2 Qe2+ $19) 24... Qf4+ 25. Kg2 $10 Qf3+ 1/2-1/2

[Event "RUS-chT 03rd"]
[Site "Kazan"]
[Date "1995.??.??"]
[Round "1"]
[White "Stripunsky, Alexander"]
[Black "Zarubin, Pavel"]
[Result "0-1"]
[WhiteElo "2495"]
[BlackElo "2450"]
[Annotator "Dolmatov,S"]
[PlyCount "144"]
[EventDate "1995.??.??"]
[EventType "team-tourn"]
[EventRounds "9"]
[EventCountry "RUS"]
[SourceTitle "CBM 051"]
[Source "ChessBase"]
[SourceDate "1996.04.01"]
[SourceVersion "1"]
[SourceVersionDate "1996.04.01"]
[SourceQuality "1"]
[WhiteTeam "Surgut Fakel-Surgutgazprom"]
[BlackTeam "Cherepovets Severstal"]
[WhiteTeamCountry "RUS"]
[BlackTeamCountry "RUS"]

1. e4 e6 2. d4 d5 3. Nc3 Bb4 4. e5 c5 5. a3 Bxc3+ 6. bxc3 Ne7 7. Qg4 O-O 8. Bd3
Nd7 $2 9. Nh3 (9. Nf3 $5 f5 10. Qh3 Nb6 11. a4 c4 12. Be2 a5 13. Rg1 $1 $16 {
Sax,Gy-Dolmatov,S/Clermont Ferrand/1989/1:0/22/ Inf 48/404/}) 9... f5 10. Qf3
Nb6 11. O-O (11. a4 Bd7 12. a5 Nc4) 11... Bd7 12. Nf4 Rc8 13. a4 (13. h4 Na4
14. c4 $40) 13... cxd4 14. cxd4 Nc4 15. Qg3 (15. h4 Nc6 16. c3 (16. Nxd5 Nxd4
17. Qf4 exd5 18. Qxd4 Be6 $132) 16... Qxh4 17. Nxd5 N4xe5 18. dxe5 Nxe5 19. Qf4
Qxf4 20. Nxf4 g5 21. Re1 $16) 15... Qe8 16. Ba3 $2 (16. h4 Nc6 17. c3 $16)
16... Nxa3 17. Rxa3 Nc6 18. Rb1 Na5 (18... Nxd4 $5 19. Rxb7 Nxc2 20. Rab3 (20.
Bb5 $2 Nxa3) 20... Nd4 21. Rb1 $44) 19. h4 Qe7 20. Ra2 Rc7 21. h5 Nc6 22. Rab2
b6 23. c4 (23. c3 Na5 24. h6 Rxc3 25. Nh5 g6 $15) 23... dxc4 24. Bxc4 Nxd4 25.
Ba2 Rfc8 $15 26. Rd2 Rc3 (26... Nc6 $2 27. Rxd7 Rxd7 28. Bxe6+ Kh8 29. Bxd7
Qxd7 30. e6 $16) 27. f3 $2 (27. Rd3 $5 Qa3 (27... Rxd3 28. Qxd3 Nc6 29. Qxf5
Rf8 30. Qe4 $14) 28. Rxc3 Rxc3 (28... Qxc3 $2 29. Qxc3 Rxc3 30. Rd1 $16) 29.
Qg5 $40) 27... Rc2 28. Rxd4 Rxa2 29. h6 (29. Rbd1 Bxa4) 29... Rxa4 30. Rxa4
Bxa4 31. Nxe6 g6 32. Nd4 (32. Ng7 $5 Qc5+ (32... Kf8 $5) 33. Kh2 Qe3 34. Nxf5
$16) 32... Qc5 33. Qh4 Re8 (33... Qxe5 34. Re1 $132) 34. Re1 Rxe5 35. Rxe5 (35.
Qd8+ Kf7) 35... Qxe5 36. Qd8+ Kf7 37. Kh1 Qe7 38. Qc8 $4 (38. Qd5+ Kf6 39. f4
$132) 38... Be8 $2 (38... Qh4+ $19) 39. Nc2 g5 40. Qc3 Kg6 41. Ne3 Bd7 42. Nd5
Qf7 $19 43. Qe5 f4 (43... Kxh6) 44. Kh2 (44. Ne7+ Kxh6 45. Qd6+ Qe6 $19) 44...
Kxh6 45. Nf6 Kg6 46. Ne4 h6 47. Nd6 Qe6 48. Qd4 h5 49. Qd3+ Kh6 50. Qd4 h4 51.
Nc4 Kh7 52. Ne5 Bc8 53. Qd3+ Kg7 54. Qc3 Kf8 55. Qc7 Ke8 56. Nc6 Qd7 57. Qe5+
Kf7 58. Qe4 Kg7 59. Qe5+ Kh7 60. Ne7 g4 61. Nd5 $2 (61. Qe4+ Kg7 62. Qg6+ Kf8
63. Qf6+ Ke8 $19) (61. fxg4 Qxg4 62. Nd5 $132) 61... g3+ 62. Kh1 Qf5 $19 63.
Qe7+ Kh6 64. Nc3 (64. Qxh4+ Qh5 65. Qxh5+ Kxh5 66. Nxf4+ Kg5 $19) 64... h3 65.
Ne4 Be6 66. Qd8 hxg2+ 67. Kg1 Kg6 68. Qe8+ Bf7 69. Qc6+ Qe6 70. Qc7 Qc4 71.
Qd6+ Be6 72. Qd1 Qf1+ 0-1